| 000 | 00575nam a2200193 a 4500 | ||
|---|---|---|---|
| 005 | 20140310183509.0 | ||
| 008 | 101018s19uu xx 00 eng d | ||
| 020 | _a9780415493222 | ||
| 050 |
_aPN 1995 _b.F4675 2010 |
||
| 100 | _aFurstenau, Marc, edited by | ||
| 245 |
_aThe film theory reader : _bdebates and arguments. |
||
| 260 |
_aLondon : _bRouthedge Taylor & Francis Group, _c2010. |
||
| 300 |
_a304 p. : _bill. ; _c26 cm. |
||
| 521 | _aMC | ||
| 650 |
_aMotion pictures _xPhilosophy. |
||
| 650 | _aFurstenau, Marc, 1963- | ||
| 942 |
_cBK _2lcc _kFOR |
||
| 999 |
_c24139 _d24139 |
||